00675nam a2200229 a 4500001001300000003000900013005001700022008004100039020001000080082001300090100001800103245005000121260003800171300000900209500003500218505001000253650002700263902000800290942000700298952012500305999001500430nice12345678IN_TiNIC20260116011503.0050524s1961 newa grp 000 0 eng  ac10000a231bKLA aKlausner, N W aPhilosophyb the Study of Alternative Belief. aNew YorkbMacmillan Companyc1961 a674p aincludes index and biblioraphy2 aIndex aPhilosophical-Theology bSRS cBK 001040708StackRoom-aHMIbHMId2010-11-29g100.00l1o231 KLAp02225r2018-08-27s2018-08-17v100.00w2005-05-24yBK c1971d1971